Finance and Business Administration in Canada

Guardado en:
Detalles Bibliográficos
Autor principal: Potter, C.C
Formato: Libro
Lenguaje:inglés
Publicado: Scarborough Prentice-Hall of Canada 1966
Edición:1. ed.
Materias:
Etiquetas: Agregar Etiqueta
Sin Etiquetas, Sea el primero en etiquetar este registro!

MARC

LEADER 00000nam a2200000 4500
001 c002005
005 20221220103208.4
041 0 |a eng 
044 |a US 
245 1 0 |a Finance and Business Administration in Canada  |c C.C. Potter 
250 |a 1. ed. 
264 1 |a Scarborough  |b Prentice-Hall of Canada  |c 1966 
300 |a 578 s. 
610 2 0 |a financie podnikové 
610 2 0 |a podnik 
610 2 0 |a riadenie podnikové 
610 2 0 |a Kanada 
610 2 0 |a združenia podnikov 
610 2 0 |a zdroje finančné 
610 2 0 |a investície 
610 2 0 |a plánovanie finančné 
610 2 0 |a manažment 
610 2 0 |a kapitál 
610 2 0 |a dlhy 
610 2 0 |a akcie 
100 1 |a Potter, C.C.